Windows 2000 active directory /

Bibliographic Details
Main Author: Craft, Melissa
Corporate Author: NetLibrary, Inc
Format: eBook
Language:English
Published: Rockland, MA : Syngress, [2001]
Edition:2nd ed.
Subjects:
Online Access:Connect to the full text of this electronic book

MARC

Tag First Indicator Second Indicator Subfields
LEADER 00000cam a2200000Ia 4500
001 in00001848921
005 20220105140715.0
006 m d
007 cr cn-
008 030203s2001 maua s 001 0 eng d
020 |a 1932266143 (electronic bk.) 
035 |a (OCoLC)ocm51564571 
040 |a N$T  |c N$T  |d UtOrBLW 
049 |a IICC 
050 1 4 |a QA76.76.O63  |b C73 2001 eb 
082 0 4 |a 005.4/3769  |2 21 
100 1 |a Craft, Melissa.  |0 http://id.loc.gov/authorities/names/n99030699 
245 1 0 |a Windows 2000 active directory /  |c Melissa Craft ; Thomas D. Llewellyn Jr., technical editor. 
250 |a 2nd ed. 
264 1 |a Rockland, MA :  |b Syngress,  |c [2001] 
264 4 |c ©2001 
300 |a xxviii, 627 pages :  |b illustrations ;  |c 24 cm. 
336 |a text  |b txt  |2 rdacontent 
337 |a computer  |b c  |2 rdamedia 
338 |a online resource  |b cr  |2 rdacarrier 
533 |a Electronic reproduction.  |b Boulder, Colo. :  |c NetLibrary,  |d 2003.  |n Available via World Wide Web.  |n Access may be limited to NetLibrary affiliated libraries. 
500 |a Electronic resource. 
630 0 0 |a Microsoft Windows (Computer file)  |0 http://id.loc.gov/authorities/names/n88027331 
650 0 |a Operating systems (Computers)  |0 http://id.loc.gov/authorities/subjects/sh85094982 
650 0 |a Directory services (Computer network technology)  |0 http://id.loc.gov/authorities/subjects/sh98003407 
655 7 |a Electronic books.  |2 local 
710 2 |a NetLibrary, Inc.  |0 http://id.loc.gov/authorities/names/no99080690 
776 1 |c Original  |z 1928994601  |w (OCoLC)51069837 
856 4 1 |u https://proxy.library.tamu.edu/login?url=http://www.netLibrary.com/urlapi.asp?action=summary&v=1&bookid=75902  |z Connect to the full text of this electronic book  |t 0 
994 |a 92  |b IIC 
999 |a MARS 
999 f f |s a17c1367-e343-391c-bfbb-d46232109379  |i 552a5c10-ca6d-3f3e-be82-6f19f568a082  |t 0 
952 f f |a Texas A&M University  |b College Station  |c Electronic Resources  |d Available Online  |t 0  |e QA76.76.O63 C73 2001 eb  |h Library of Congress classification 
998 f f |a QA76.76.O63 C73 2001 eb  |t 0  |l Available Online